| Tag |
First Indicator |
Second Indicator |
Subfields |
| LEADER |
00000cam a22000004a 4500 |
| 001 |
in00003385945 |
| 006 |
m o d |
| 007 |
cr |||||||nn|n |
| 008 |
120224s2012 si o d eng d |
| 005 |
20260608205616.0 |
| 010 |
|
|
|z 2011315602
|
| 020 |
|
|
|a 9789814311595
|
| 020 |
|
|
|z 9789814311588 (pbk.)
|
| 035 |
|
|
|a (MdBmJHUP)muse9789814311595
|
| 040 |
|
|
|a MdBmJHUP
|c MdBmJHUP
|d UtOrBLW
|
| 043 |
|
|
|a a-my---
|
| 100 |
0 |
|
|a Mohd. Faisal Syam Abdol Hazis,
|d 1974-
|
| 245 |
1 |
0 |
|a Domination and contestation :
|b Muslim bumiputera politics in Sarawak /
|c Faisal S. Hazis.
|
| 264 |
|
1 |
|a Singapore :
|b Institute of Southeast Asian Studies,
|c 2012.
|
| 300 |
|
|
|a 1 online resource (xvi, 346 pages :) :
|b illustrations, maps
|
| 336 |
|
|
|a text
|b txt
|2 rdacontent
|
| 337 |
|
|
|a computer
|b c
|2 rdamedia
|
| 338 |
|
|
|a online resource
|b cr
|2 rdacarrier
|
| 500 |
|
|
|a Revision of the author's thesis (Ph. D.)--Universiti Sains Malaysia, 2008.
|
| 504 |
|
|
|a Includes bibliographical references (pages 309-326) and index.
|
| 588 |
|
|
|a Description based on print version record.
|
| 500 |
|
|
|a Electronic resource.
|
| 651 |
|
0 |
|a Sarawak
|x Politics and government.
|
| 650 |
|
0 |
|a Muslims
|z Malaysia
|z Sarawak
|x Politics and government.
|
| 650 |
|
0 |
|a Malanau (Malaysian people)
|z Malaysia
|z Sarawak
|x Politics and government.
|
| 655 |
|
7 |
|a Electronic books.
|2 local
|
| 856 |
4 |
0 |
|u http://proxy.library.tamu.edu/login?url=https://muse.jhu.edu/books/9789814311595/
|z Connect to the full text of this electronic book
|t 0
|
| 999 |
|
|
|a MARS
|
| 999 |
f |
f |
|s cc35595e-e2e4-3d94-bb37-ecaf374b0d19
|i 70b41c39-9295-3ad5-9c51-28406ca3f19e
|t 0
|
| 952 |
f |
f |
|a Texas A&M University
|b College Station
|c Electronic Resources
|s www_evans
|d Available Online
|t 0
|h No information provided
|
| 998 |
f |
f |
|t 0
|l Available Online
|